Conformitat social i identitat lingüística / Lluís Garcia i Sevilla
Descripción Física:
79 p. ; 20 cm
Materias:
Català -- Aspectes socials
MARC
| LEADER | 00000nam a2200000Ia 4500 | ||
|---|---|---|---|
| 001 | 12524 | ||
| 008 | 160829s1999 xx 000 0 cat d | ||
| 080 | |a L-1-108 | ||
| 100 | |a García i Sevilla, Lluís |9 24615 | ||
| 245 | |a Conformitat social i identitat lingüística / Lluís Garcia i Sevilla | ||
| 260 | |a Barcelona : |b Institut d'Estudis Catalans, |c 1999 | ||
| 300 | |a 79 p. ; |c 20 cm | ||
| 590 | |a Discurs llegit en la sessió inaugural del curs 1999-2000 | ||
| 650 | 0 | |a Català |x Aspectes socials |9 24616 | |
| 710 | 2 | |a Institut d'Estudis Catalans |9 52284 | |
| 901 | |a Arxiu | ||
| 942 | |n 1 | ||
| 952 | |0 0 |1 0 |4 0 |6 L1108 |7 1 |9 43230 |a Arxiu |b Arxiu |d 2016-12-01 |l 0 |o L-1-108 |p 12524 |r 2016-12-01 00:00:00 |w 2016-12-01 |y ARXIU | ||
| 999 | |c 45774 |d 45774 | ||